| 000 | 00424nam a2200109Ia 4500 | ||
|---|---|---|---|
| 008 | 160909s9999 xx 000 0 und d | ||
| 100 | _aSomerville, Melissa | ||
| 245 | _aQsen initiative's patient safety officer: A quantitative study on baccalaureate nursing students' patient safety competency | ||
| 260 |
_bCapella University _c2016 |
||
| 650 | _aNursing | ||
| 856 | _uhttp://pqdtopen.proquest.com/doc/1774020370.html?FMT=ABS | ||
| 999 |
_c303862 _d303862 |
||